ბათუმის შოთა რუსთაველის სახელმწიფო უნივერსიტეტის ბიბლიოთეკა

გარემოსდაცვითი და აგრარული განათლება სკოლაში : (ბიბ.ჩანაწერი № 63641)

000 -ლიდერი
ფიქსირებული სიგრძის საკონტროლო ველი 02419nam a22002657a 4500
003 - საკონტროლო ნომრის იდენტიფიკატორი
საკონტროლო ველი Ge_BSU
005 - ბოლო ოპერაციის თარიღი და დრო
საკონტროლო ველი 20251120160538.0
008 - ფიქსირებული სიგრძის მონაცემთა ელემენტები - ზოგადი ინფორმაცია
ფიქსირებული სიგრძის საკონტროლო ველი 251120s2025 ge ||||| |||| 00| 0 geo d
020 ## - წიგნის საერთაშორისო სტანდარტული ნომერი
International Standard Book Number 9789941839023
041 ## - ენის კოდი
Language code of text/sound track or separate title geo
080 ## - უნივერსალური ათობითი კლასიფიკაციის ინდექსი
Universal Decimal Classification number 502.3(072) ბ-75
100 ## - მთავარი ჩანაწერი - პიროვნების სახელი
Personal name ბლიაძე, მაია
9 (RLIN) 3279
245 ## - ცნობა სათაურის შესახებ
Title გარემოსდაცვითი და აგრარული განათლება სკოლაში :
Remainder of title დამხმარე სახელმძღვანელო ზოგადი განათლების დაწყებითი საფეხურის მასწავლებლებისთვის : [8 წიგნად]. წიგნი 4, ჰაერის დაცვა დაბინძურებისგან /
Statement of responsibility, etc სახელმძღვანელოს შექმნაზე მუშაობდნენ: მაია ბლიაძე, თეონა შუბლაძე, ნათია სარალიძე, მარიამ არჩუაძე; კომპლ. დავალებების შექმნაზე მუშაობდა მანანა ვარაზაშვილი ; დიზაინერი თამარ გორჯოლაძე.
264 ## - წარმოების, გამოცემის, დისტრიბუციის და სხვა ცნობები
გამოცემის, წარმოების, დისტრიბუციის... ადგილი თბილისი,
გამოცემის, წარმოების, დისტრიბუციის... თარიღი 2025.
300 ## - ფიზიკური აღწერა
Extent 94 გვ. :
Other physical details ილ. ;
Dimensions 30 სმ.
500 ## - ზოგადი შენიშვნა
General note სახელმძღვანელო მომზადებულია საქართველოს გარემოს დაცვისა და სოფლის მეურნეობის სამინისტროს სსიპ გარემოსდაცვითი ინფორმაციისა და განათლების ცენტრის მიერ.
504 ## - BIBLIOGRAPHY, ETC. NOTE
Bibliography, etc ბიბლიოგრაფია: გვ. 94.
653 ## - INDEX TERM--UNCONTROLLED
Uncontrolled term ჰაერის დაცვა
700 ## - ADDED ENTRY--PERSONAL NAME
Personal name შუბლაძე, თეონა
Relator term ავტორი
9 (RLIN) 26287
700 ## - ADDED ENTRY--PERSONAL NAME
Personal name სარალიძე, ნათია
Relator term ავტორი
9 (RLIN) 26288
700 ## - ADDED ENTRY--PERSONAL NAME
Personal name არჩუაძე, მარიამ
Relator term ავტორი
9 (RLIN) 26289
700 ## - ADDED ENTRY--PERSONAL NAME
Personal name ვარაზაშვილი, მანანა
Relator term ავტორი
9 (RLIN) 4332
700 ## - ADDED ENTRY--PERSONAL NAME
Personal name გორჯოლაძე, თამარ
Relator term დიზაინერი
9 (RLIN) 26290
942 ## - ADDED ENTRY ELEMENTS (KOHA)
Source of classification or shelving scheme
Koha item type წიგნი
ეგზემპლარები
ჩამოწერის სტატუსი დაკარგული ეგზემპლარის სტატუსი კლასიფიკაციის წყარო ან თაროზე გაწყობის სქემა დაზიანების სტატუსი არ გაიცემა მუდმივი მდებარეობა (დაცვის ადგილი) ამჟამინდელი ადგილსამყოფელი თაროზე განთავსების ადგილი შეძენის თარიღი ღირებულება, შესყიდვის ნორმალური ფასი სრული შენახვის შიფრი შტრიხკოდი ბოლო ოპერაციის თარიღი ეგზემპლარის მიმდევრობითი ნომერი (კეტერი?) ფასის ძალაში შესვლის თარიღი ეგზემპლარის სახეობა საჯარო შენიშვნა
          აგრარული და მემბრანული ტექნოლოგიების ინსტიტუტის ბიბლიოთეკა აგრარული და მემბრანული ტექნოლოგიების ინსტიტუტის ბიბლიოთეკა წიგნსაცავი 2025-11-20 10.00 502.3(072) გ-21 73140 2025-11-20 73140 2025-11-20 წიგნი 10 ლ.